[Event "Albert Boxer op"]
[Site "Winnipeg CAN"]
[Date "2004.05.14"]
[Round "1"]
[White "Zaczek, Jonathon"]
[Black "Anderson, George"]
[Result "1-0"]
[WhiteElo "1924"]
[BlackElo "1503"]
[PlyCount "47"]
[GameId "2160767911145871"]
[EventDate "2004.05.14"]
[EventType "swiss"]
[EventRounds "5"]
[EventCountry "CAN"]
[SourceTitle "EXT 2006"]
[Source "ChessBase"]
[SourceDate "2005.11.24"]
[SourceVersion "1"]
[SourceVersionDate "2005.11.24"]
[SourceQuality "1"]

1. b3 b5 2. f4 b4 3. Nf3 Bb7 4. e3 c5 5. d4 d6 6. Bb2 Nd7 7. Bd3 Ngf6 8. Nbd2 a5 9. O-O e6 10. e4 Ba6 11. Bxa6 Rxa6 12. c4 Qa8 13. Re1 a4 14. Rb1 axb3 15. axb3 Nb6 16. d5 Be7 17. e5 Nfd7 18. dxe6 fxe6 19. exd6 Bf6 20. Bxf6 gxf6 21. Rxe6+ Kf7 22. Re7+ Kf8 23. Nh4 Ra2 24. Qh5 1-0

[Event "Albert Boxer op"]
[Site "Winnipeg CAN"]
[Date "2004.05.15"]
[Round "2"]
[White "Anderson, George"]
[Black "Hogeveen Rutter, Alexander"]
[Result "1-0"]
[WhiteElo "1503"]
[BlackElo "1781"]
[PlyCount "85"]
[GameId "2160767911145872"]
[EventDate "2004.05.14"]
[EventType "swiss"]
[EventRounds "5"]
[EventCountry "CAN"]
[SourceTitle "EXT 2006"]
[Source "ChessBase"]
[SourceDate "2005.11.24"]
[SourceVersion "1"]
[SourceVersionDate "2005.11.24"]
[SourceQuality "1"]

1. e4 c5 2. b4 e6 3. b5 d5 4. exd5 exd5 5. Bb2 Nf6 6. h3 Be6 7. Nf3 Be7 8. a4 O-O 9. Nc3 d4 10. Ne2 a6 11. Nf4 axb5 12. Nxe6 fxe6 13. axb5 Nbd7 14. Bc4 Nd5 15. O-O Rxa1 16. Bxa1 N7b6 17. d3 Qd7 18. Re1 Re8 19. c3 dxc3 20. Qb3 Bf6 21. Ne5 Qc7 22. Bxc3 Nxc3 23. Qxc3 Nd5 24. Bxd5 exd5 25. d4 Re7 26. f4 cxd4 27. Qxd4 Qa5 28. Qxd5+ Kf8 29. Rc1 Qb6+ 30. Kh1 Qe6 31. Qxe6 Rxe6 32. Rc8+ Re8 33. Nd7+ Ke7 34. Rc7 Kd6 35. Rxb7 Re7 36. Nxf6 Rxb7 37. Nxh7 Rxb5 38. Ng5 Ke7 39. Kh2 Rb3 40. Nf3 Kf6 41. Kg3 Kf5 42. Kf2 Kxf4 43. g3+ 1-0

[Event "Albert Boxer op"]
[Site "Winnipeg CAN"]
[Date "2004.05.15"]
[Round "2"]
[White "Clory, Ron"]
[Black "Podmoroff, Yuri"]
[Result "1-0"]
[WhiteElo "1639"]
[BlackElo "1145"]
[PlyCount "97"]
[GameId "2160767911145873"]
[EventDate "2004.05.14"]
[EventType "swiss"]
[EventRounds "5"]
[EventCountry "CAN"]
[SourceTitle "EXT 2006"]
[Source "ChessBase"]
[SourceDate "2005.11.24"]
[SourceVersion "1"]
[SourceVersionDate "2005.11.24"]
[SourceQuality "1"]

1. Nf3 Nc6 2. g3 e5 3. d3 Nge7 4. Bg2 g6 5. O-O Bg7 6. c3 d6 7. Bg5 Be6 8. Qc1 h5 9. e4 Qd7 10. h4 O-O-O 11. Rd1 f6 12. Be3 Kb8 13. d4 f5 14. d5 Bf7 15. dxc6 Nxc6 16. exf5 gxf5 17. Bh3 Be6 18. Ng5 Bh6 19. Nxe6 Bxe3 20. Qxe3 Qxe6 21. Nd2 Qg6 22. Kh2 Rde8 23. Rg1 Qf6 24. Nf3 Rhg8 25. Ng5 f4 26. Qf3 e4 27. Qxf4 Qxf4 28. gxf4 Ref8 29. Ne6 Re8 30. Rxg8 Rxg8 31. Rg1 Re8 32. Ng7 Rf8 33. Nxh5 Rh8 34. Bg4 d5 35. Kh3 d4 36. cxd4 Nxd4 37. Nf6 Nf3 38. Bxf3 exf3 39. Rg8+ Rxg8 40. Nxg8 Kc8 41. Kg3 Kd7 42. Kxf3 Ke6 43. Kg4 Kf7 44. Nh6+ Kg6 45. Nf5 b5 46. h5+ Kh7 47. b4 c6 48. Ne7 a5 49. Nxc6 1-0

[Event "Albert Boxer op"]
[Site "Winnipeg CAN"]
[Date "2004.05.15"]
[Round "2"]
[White "Cowdrey, Eric"]
[Black "Opinga, Ron"]
[Result "1/2-1/2"]
[WhiteElo "1771"]
[BlackElo "1498"]
[PlyCount "67"]
[GameId "2160767911145874"]
[EventDate "2004.05.14"]
[EventType "swiss"]
[EventRounds "5"]
[EventCountry "CAN"]
[SourceTitle "EXT 2006"]
[Source "ChessBase"]
[SourceDate "2005.11.24"]
[SourceVersion "1"]
[SourceVersionDate "2005.11.24"]
[SourceQuality "1"]

1. d4 Nf6 2. c4 e6 3. Nf3 b6 4. g3 Bb7 5. Bg2 Be7 6. O-O O-O 7. Nc3 d5 8. cxd5 exd5 9. Bf4 a6 10. Bd2 Nbd7 11. e3 c5 12. Ne5 Qc7 13. Nxd7 Qxd7 14. f3 b5 15. dxc5 Bxc5 16. Kh1 Rfe8 17. Re1 Rad8 18. a3 d4 19. exd4 Rxe1+ 20. Bxe1 Bxd4 21. Qc2 Qc7 22. Rd1 Bb6 23. Rxd8+ Qxd8 24. Qd2 Qa8 25. Qe2 h6 26. h3 Qb8 27. f4 Bxg2+ 28. Kxg2 Qd6 29. Bf2 Bxf2 30. Kxf2 Qc5+ 31. Qe3 Qc6 32. Qf3 Qc5+ 33. Qe3 Qc6 34. Qf3 1/2-1/2

[Event "Albert Boxer op"]
[Site "Winnipeg CAN"]
[Date "2004.05.15"]
[Round "2"]
[White "Gentes, Kevin"]
[Black "Boron, Anthony"]
[Result "1-0"]
[WhiteElo "2329"]
[BlackElo "1942"]
[PlyCount "63"]
[GameId "2160767911145875"]
[EventDate "2004.05.14"]
[EventType "swiss"]
[EventRounds "5"]
[EventCountry "CAN"]
[SourceTitle "EXT 2006"]
[Source "ChessBase"]
[SourceDate "2005.11.24"]
[SourceVersion "1"]
[SourceVersionDate "2005.11.24"]
[SourceQuality "1"]

1. d4 Nf6 2. c4 c5 3. e3 e6 4. Nc3 d5 5. Nf3 Nc6 6. a3 dxc4 7. Bxc4 Be7 8. O-O O-O 9. dxc5 Bxc5 10. b4 Be7 11. Qe2 a6 12. Rd1 Qc7 13. Bb2 b5 14. Bd3 Bb7 15. Rac1 Rac8 16. Ne4 Nxe4 17. Bxe4 f5 18. Bb1 Bf6 19. Ba2 Qe7 20. Rc5 Kh8 21. Rdc1 Na7 22. Nd4 Rxc5 23. Rxc5 Bc8 24. Qc2 Rd8 25. Rc7 Rd7 26. Rxa7 Rxa7 27. Qxc8+ Qd8 28. Qxd8+ Bxd8 29. Nxe6 Rd7 30. Bd4 Be7 31. Bxg7+ Kg8 32. Nc5+ 1-0

[Event "Albert Boxer op"]
[Site "Winnipeg CAN"]
[Date "2004.05.15"]
[Round "2"]
[White "Kaptsan, Aron"]
[Black "Plocek, Jaroslav"]
[Result "1-0"]
[WhiteElo "1948"]
[BlackElo "1567"]
[PlyCount "79"]
[GameId "2160767911145877"]
[EventDate "2004.05.14"]
[EventType "swiss"]
[EventRounds "5"]
[EventCountry "CAN"]
[SourceTitle "EXT 2006"]
[Source "ChessBase"]
[SourceDate "2005.11.24"]
[SourceVersion "1"]
[SourceVersionDate "2005.11.24"]
[SourceQuality "1"]

1. d4 Nf6 2. c4 e6 3. Nf3 g6 4. Nc3 Bg7 5. e4 d6 6. Bd3 b6 7. O-O Bb7 8. Bg5 Qd7 9. Qe2 O-O 10. Rad1 Nc6 11. Rfe1 Kh8 12. h3 Ng8 13. e5 dxe5 14. dxe5 Qe8 15. Be4 Rb8 16. Nb5 a6 17. Nc3 Nce7 18. Bxb7 Rxb7 19. Rd2 c5 20. Red1 Rb8 21. Ne4 Nf5 22. g4 Nfe7 23. Nd6 Qc6 24. Bf4 Qa8 25. Ng5 Nh6 26. Qe3 Nc6 27. Nf3 Ng8 28. h4 h6 29. h5 g5 30. Bg3 Nge7 31. Nh2 Nd4 32. f4 gxf4 33. Bxf4 Kh7 34. Rxd4 cxd4 35. Qd3+ Kg8 36. Nf3 Nc6 37. a3 Rbd8 38. g5 hxg5 39. Nxg5 Nxe5 40. Qh7# 1-0

[Event "Albert Boxer op"]
[Site "Winnipeg CAN"]
[Date "2004.05.15"]
[Round "2"]
[White "Khedkar, Jay S"]
[Black "Melamedoff, Gustavo"]
[Result "1-0"]
[WhiteElo "1921"]
[BlackElo "2083"]
[PlyCount "97"]
[GameId "2160767911145878"]
[EventDate "2004.05.14"]
[EventType "swiss"]
[EventRounds "5"]
[EventCountry "CAN"]
[SourceTitle "EXT 2006"]
[Source "ChessBase"]
[SourceDate "2005.11.24"]
[SourceVersion "1"]
[SourceVersionDate "2005.11.24"]
[SourceQuality "1"]

1. e4 Nf6 2. e5 Nd5 3. d4 d6 4. Nf3 Bg4 5. Be2 e6 6. O-O Be7 7. c4 Nb6 8. Be3 Nc6 9. exd6 cxd6 10. Nbd2 O-O 11. Rc1 Rc8 12. Ne1 Bxe2 13. Qxe2 d5 14. c5 Nd7 15. f4 b6 16. cxb6 Qxb6 17. Ndf3 Bf6 18. Rd1 Rb8 19. b3 Rfc8 20. Ne5 Qd8 21. N1d3 Ncxe5 22. fxe5 Bg5 23. Nf4 Rc3 24. Rc1 Rbc8 25. Rxc3 Rxc3 26. Qd2 Qc7 27. Nxd5 exd5 28. Bxg5 Nf8 29. Be7 Rc2 30. Bd6 Qd7 31. Qf4 Qe6 32. Bxf8 Kxf8 33. a4 Qg6 34. Qf3 Qe6 35. Qd3 Qg6 36. Qf3 Qe6 37. b4 Rc4 38. a5 Rxb4 39. Qa3 Qe7 40. Rc1 Rc4 41. Qb2 Qb4 42. Qxb4+ Rxb4 43. Rc7 Rxd4 44. Rxa7 Rd2 45. a6 Ra2 46. Ra8+ Ke7 47. a7 d4 48. e6 fxe6 49. Rg8 1-0

[Event "Albert Boxer op"]
[Site "Winnipeg CAN"]
[Date "2004.05.15"]
[Round "2"]
[White "Nikouline, Alexandre"]
[Black "Cleto, Sam"]
[Result "0-1"]
[WhiteElo "1987"]
[BlackElo "1903"]
[PlyCount "128"]
[GameId "2160767911145879"]
[EventDate "2004.05.14"]
[EventType "swiss"]
[EventRounds "5"]
[EventCountry "CAN"]
[SourceTitle "EXT 2006"]
[Source "ChessBase"]
[SourceDate "2005.11.24"]
[SourceVersion "1"]
[SourceVersionDate "2005.11.24"]
[SourceQuality "1"]

1. e4 c5 2. Nf3 d6 3. d4 cxd4 4. Nxd4 Nf6 5. Nc3 a6 6. Bg5 e6 7. f4 Qb6 8. Nb3 Nc6 9. Bxf6 gxf6 10. Qd2 h5 11. O-O-O Bd7 12. Kb1 Qc7 13. g3 b5 14. Qf2 Rc8 15. f5 Be7 16. Bd3 Ne5 17. Rd2 b4 18. Ne2 a5 19. Nbd4 Qb6 20. Nf4 Ng4 21. Qg1 e5 22. h3 Nh6 23. Nd5 Qxd4 24. Qd1 Qc5 25. Qxh5 Bc6 26. Ba6 Rb8 27. Rhd1 Bxd5 28. Rxd5 Qc7 29. h4 Rb6 30. Bb5+ Kf8 31. g4 Kg7 32. g5 fxg5 33. f6+ Bxf6 34. hxg5 Qe7 35. gxf6+ Qxf6 36. Rg1+ Kf8 37. Qh3 Qe6 38. Qh4 Rb8 39. Ba4 Rg8 40. Rf1 Rg4 41. Qe1 Ra8 42. Bb3 Qg6 43. Qd1 Ra6 44. Bc4 Rc6 45. Bd3 Rc5 46. Be2 Rxd5 47. Qxd5 Rf4 48. Rd1 Rf2 49. Bc4 Rg2 50. Qxa5 Qxe4 51. Bd3 Qg4 52. Qd8+ Kg7 53. Rc1 e4 54. Bf1 Rd2 55. Qb6 Rd1 56. Qxb4 Rxc1+ 57. Kxc1 Qf4+ 58. Kd1 Qxf1+ 59. Qe1 Qxe1+ 60. Kxe1 Nf5 61. a4 Nd4 62. c3 Nb3 63. Kd1 f5 64. Kc2 f4 0-1

[Event "Albert Boxer op"]
[Site "Winnipeg CAN"]
[Date "2004.05.15"]
[Round "2"]
[White "Rutter, Blair"]
[Black "Tang, Edward"]
[Result "1/2-1/2"]
[WhiteElo "1603"]
[BlackElo "1968"]
[PlyCount "79"]
[GameId "2160767911145880"]
[EventDate "2004.05.14"]
[EventType "swiss"]
[EventRounds "5"]
[EventCountry "CAN"]
[SourceTitle "EXT 2006"]
[Source "ChessBase"]
[SourceDate "2005.11.24"]
[SourceVersion "1"]
[SourceVersionDate "2005.11.24"]
[SourceQuality "1"]

1. c4 e5 2. g3 Nc6 3. Bg2 g6 4. Nc3 Bg7 5. e4 Nge7 6. d3 d6 7. Nge2 O-O 8. O-O f5 9. Be3 Nd4 10. Qd2 c6 11. f4 Be6 12. fxe5 dxe5 13. Rf2 Qd7 14. Raf1 Rad8 15. Bxd4 exd4 16. Na4 b6 17. b3 fxe4 18. Bxe4 Nf5 19. Bxf5 Bxf5 20. Nb2 Bh3 21. Rxf8+ Rxf8 22. Rxf8+ Bxf8 23. Qf4 c5 24. Kf2 Bf5 25. Ng1 Bd6 26. Qg5 Kg7 27. Nf3 h6 28. Qd2 Bg4 29. Nd1 Qf5 30. Qe2 h5 31. Qe4 Bxf3 32. Qxf5 gxf5 33. Kxf3 Kf6 34. Nf2 Ke5 35. Nh3 Kf6 36. Nf2 h4 37. Nh3 hxg3 38. hxg3 Ke5 39. Ng5 Bc7 40. a4 1/2-1/2

[Event "Albert Boxer op"]
[Site "Winnipeg CAN"]
[Date "2004.05.15"]
[Round "2"]
[White "Van Wyk, Joseph"]
[Black "Pottinger, Carl"]
[Result "1-0"]
[WhiteElo "1928"]
[BlackElo "1700"]
[PlyCount "77"]
[GameId "2160767911145881"]
[EventDate "2004.05.14"]
[EventType "swiss"]
[EventRounds "5"]
[EventCountry "CAN"]
[SourceTitle "EXT 2006"]
[Source "ChessBase"]
[SourceDate "2005.11.24"]
[SourceVersion "1"]
[SourceVersionDate "2005.11.24"]
[SourceQuality "1"]

1. f4 c5 2. Nf3 g6 3. e4 Bg7 4. Bc4 Nf6 5. Nc3 O-O 6. d3 d6 7. O-O Nc6 8. a3 a6 9. Qe1 Bg4 10. e5 Ne8 11. e6 f6 12. Qh4 Bxf3 13. Rxf3 f5 14. Rh3 h6 15. g4 Nc7 16. gxf5 Rxf5 17. Qg4 Qe8 18. d4 Nxd4 19. Bd3 Ncxe6 20. Bxf5 Nxf5 21. Bd2 Bd4+ 22. Kf1 Kg7 23. Re1 Qf7 24. Rh5 Kh7 25. Rh3 Neg7 26. Ne4 Ne6 27. Bc3 Bxc3 28. Nxc3 Rf8 29. Ne4 d5 30. Ng3 Neg7 31. Re5 b6 32. Qg5 Kg8 33. Qg4 d4 34. Ke2 Kh7 35. Qg5 Kg8 36. Nxf5 Nxf5 37. Rxh6 Nxh6 38. Rxe7 Qxf4 39. Qxg6+ 1-0

[Event "Albert Boxer op"]
[Site "Winnipeg CAN"]
[Date "2004.05.15"]
[Round "2"]
[White "Vincent, Trevor"]
[Black "Gannon, Keith"]
[Result "1-0"]
[WhiteElo "2060"]
[BlackElo "1512"]
[PlyCount "51"]
[GameId "2160767911145882"]
[EventDate "2004.05.14"]
[EventType "swiss"]
[EventRounds "5"]
[EventCountry "CAN"]
[SourceTitle "EXT 2006"]
[Source "ChessBase"]
[SourceDate "2005.11.24"]
[SourceVersion "1"]
[SourceVersionDate "2005.11.24"]
[SourceQuality "1"]

1. c4 c5 2. g3 e6 3. Nf3 Nf6 4. Bg2 Nc6 5. O-O Be7 6. d4 d5 7. cxd5 Nxd5 8. Nc3 Nxc3 9. bxc3 cxd4 10. cxd4 O-O 11. e4 Bd7 12. Rb1 b6 13. Bf4 Re8 14. d5 exd5 15. exd5 Bf5 16. dxc6 Bxb1 17. Qxb1 Bd6 18. Rd1 Re6 19. Ng5 g6 20. Nxe6 fxe6 21. Bxd6 Rc8 22. Be5 Qf8 23. Rd7 a5 24. Be4 b5 25. Bxg6 hxg6 26. Qxg6+ 1-0

[Event "Albert Boxer op"]
[Site "Winnipeg CAN"]
[Date "2004.05.15"]
[Round "2"]
[White "Zaczek, Jonathon"]
[Black "Lipnowski, Samuel"]
[Result "0-1"]
[WhiteElo "1924"]
[BlackElo "2110"]
[PlyCount "20"]
[GameId "2160767911145883"]
[EventDate "2004.05.14"]
[EventType "swiss"]
[EventRounds "5"]
[EventCountry "CAN"]
[SourceTitle "EXT 2006"]
[Source "ChessBase"]
[SourceDate "2005.11.24"]
[SourceVersion "1"]
[SourceVersionDate "2005.11.24"]
[SourceQuality "1"]

1. e4 c5 2. Nf3 g6 3. d4 Bg7 4. c4 Qa5+ 5. Nc3 Nc6 6. Be3 Nf6 7. Qd3 Ng4 8. Bd2 cxd4 9. Nd5 Qd8 10. O-O-O Nxf2 0-1

[Event "Albert Boxer op"]
[Site "Winnipeg CAN"]
[Date "2004.05.15"]
[Round "3"]
[White "Boron, Anthony"]
[Black "Anderson, George"]
[Result "1-0"]
[WhiteElo "1942"]
[BlackElo "1503"]
[PlyCount "53"]
[GameId "2160767911145884"]
[EventDate "2004.05.14"]
[EventType "swiss"]
[EventRounds "5"]
[EventCountry "CAN"]
[SourceTitle "EXT 2006"]
[Source "ChessBase"]
[SourceDate "2005.11.24"]
[SourceVersion "1"]
[SourceVersionDate "2005.11.24"]
[SourceQuality "1"]

1. d4 f5 2. Bg5 d5 3. c4 Be6 4. cxd5 Bxd5 5. Nc3 Nc6 6. Qd3 g6 7. Nh3 a6 8. e3 Qd6 9. Bf4 e5 10. dxe5 Nb4 11. Qd2 Qc6 12. f3 O-O-O 13. Rd1 Be7 14. Nxd5 Nxd5 15. Qc1 Bb4+ 16. Kf2 Nge7 17. Bc4 Bc5 18. a3 Qb6 19. b4 Nxf4 20. Nxf4 Bxb4 21. axb4 Nc6 22. Nd5 Qa7 23. f4 b5 24. Bxb5 Rxd5 25. Bxc6 Rxd1 26. Rxd1 Qb6 27. Qc4 1-0

[Event "Albert Boxer op"]
[Site "Winnipeg CAN"]
[Date "2004.05.15"]
[Round "3"]
[White "Cleto, Sam"]
[Black "Vincent, Trevor"]
[Result "1-0"]
[WhiteElo "1903"]
[BlackElo "2060"]
[PlyCount "64"]
[GameId "2160767911145885"]
[EventDate "2004.05.14"]
[EventType "swiss"]
[EventRounds "5"]
[EventCountry "CAN"]
[SourceTitle "EXT 2006"]
[Source "ChessBase"]
[SourceDate "2005.11.24"]
[SourceVersion "1"]
[SourceVersionDate "2005.11.24"]
[SourceQuality "1"]

1. d4 Nf6 2. c4 e5 3. Bg5 exd4 4. Qxd4 Be7 5. Nf3 Nc6 6. Qd1 O-O 7. Nc3 Bb4 8. a3 Bxc3+ 9. bxc3 d6 10. e3 Qe7 11. Be2 Ne5 12. O-O h6 13. Bh4 Ng6 14. Bxf6 Qxf6 15. Qd4 Ne5 16. c5 Bg4 17. cxd6 Bxf3 18. gxf3 Rad8 19. f4 Qg6+ 20. Kh1 Nc6 21. Qc4 Rxd6 22. Rg1 Qf6 23. Rg2 Kh8 24. Rag1 Rg8 25. Bh5 Rd7 26. Bg4 Rd2 27. Bh5 g6 28. Bd1 Rgd8 29. Bb3 R8d7 30. Rxg6 Qxg6 31. Rxg6 Na5 32. Qb4 fxg6 1-0

[Event "Albert Boxer op"]
[Site "Winnipeg CAN"]
[Date "2004.05.15"]
[Round "3"]
[White "Clory, Ron"]
[Black "Nikouline, Alexandre"]
[Result "0-1"]
[WhiteElo "1639"]
[BlackElo "1987"]
[PlyCount "100"]
[GameId "2160767911145886"]
[EventDate "2004.05.14"]
[EventType "swiss"]
[EventRounds "5"]
[EventCountry "CAN"]
[SourceTitle "EXT 2006"]
[Source "ChessBase"]
[SourceDate "2005.11.24"]
[SourceVersion "1"]
[SourceVersionDate "2005.11.24"]
[SourceQuality "1"]

1. Nf3 d5 2. d3 c5 3. g3 Nc6 4. Bg2 e5 5. c3 Bd6 6. Nbd2 Nge7 7. O-O O-O 8. e4 d4 9. cxd4 Nxd4 10. Nxd4 cxd4 11. Nc4 Be6 12. Nxd6 Qxd6 13. a3 Rac8 14. Bd2 Nc6 15. f4 f6 16. f5 Bf7 17. g4 h6 18. h4 Rfe8 19. g5 hxg5 20. hxg5 Kf8 21. g6 Bg8 22. Rf3 Ke7 23. Rc1 Kd8 24. Rh3 Rc7 25. Bf3 Kc8 26. Qa4 Kb8 27. Bd1 Rec8 28. b4 a6 29. Be2 Na7 30. Rxc7 Qxc7 31. Kf2 Nb5 32. Rh1 Qc2 33. Qxc2 Rxc2 34. Rh8 Rc8 35. a4 Nc3 36. a5 Kc7 37. Rh1 Bb3 38. Rc1 Kd6 39. Ke1 Ba4 40. Bd1 Rh8 41. Bxa4 Rh1+ 42. Kf2 Rh2+ 43. Kf1 Rxd2 44. Bc2 Rh2 45. Kg1 Ne2+ 46. Kxh2 Nxc1 47. Bb1 Kc6 48. Kg2 Kb5 49. Kf2 Kxb4 50. Ke1 Kc3 0-1

[Event "Albert Boxer op"]
[Site "Winnipeg CAN"]
[Date "2004.05.15"]
[Round "3"]
[White "Gannon, Keith"]
[Black "Cowdrey, Eric"]
[Result "1/2-1/2"]
[WhiteElo "1512"]
[BlackElo "1771"]
[PlyCount "96"]
[GameId "2160767911145887"]
[EventDate "2004.05.14"]
[EventType "swiss"]
[EventRounds "5"]
[EventCountry "CAN"]
[SourceTitle "EXT 2006"]
[Source "ChessBase"]
[SourceDate "2005.11.24"]
[SourceVersion "1"]
[SourceVersionDate "2005.11.24"]
[SourceQuality "1"]

1. c4 c5 2. b3 b6 3. Bb2 Bb7 4. d3 Nc6 5. Nf3 e6 6. Nbd2 d5 7. cxd5 exd5 8. e3 Nf6 9. Be2 Be7 10. O-O O-O 11. d4 cxd4 12. Nxd4 Nxd4 13. Bxd4 Rc8 14. Bd3 Ne4 15. Qg4 Nf6 16. Qe2 Qd7 17. Rfc1 Rxc1+ 18. Rxc1 Rc8 19. Rxc8+ Qxc8 20. Qd1 Ne4 21. f3 Nxd2 22. Qxd2 Ba3 23. Qc2 Qxc2 24. Bxc2 g6 25. Bf6 Kf8 26. Bd3 Be7 27. Bxe7+ Kxe7 28. Kf2 Kd6 29. b4 a5 30. bxa5 bxa5 31. Ke2 Kc5 32. a3 Bc6 33. Kd2 Bb5 34. Bb1 Bf1 35. g3 Bb5 36. h4 h6 37. Kc3 Be2 38. f4 Bf3 39. Bc2 Be2 40. Ba4 Bb5 41. Bd1 f6 42. g4 g5 43. hxg5 hxg5 44. fxg5 fxg5 45. Bf3 Bd7 46. Be2 Ba4 47. Bf3 Bd7 48. Be2 Ba4 1/2-1/2

[Event "Albert Boxer op"]
[Site "Winnipeg CAN"]
[Date "2004.05.15"]
[Round "3"]
[White "Khedkar, Jay S"]
[Black "Gentes, Kevin"]
[Result "1/2-1/2"]
[WhiteElo "1921"]
[BlackElo "2329"]
[PlyCount "96"]
[GameId "2160767911145888"]
[EventDate "2004.05.14"]
[EventType "swiss"]
[EventRounds "5"]
[EventCountry "CAN"]
[SourceTitle "EXT 2006"]
[Source "ChessBase"]
[SourceDate "2005.11.24"]
[SourceVersion "1"]
[SourceVersionDate "2005.11.24"]
[SourceQuality "1"]

1. e4 c5 2. Nf3 e6 3. d4 cxd4 4. Nxd4 a6 5. Bd3 Qc7 6. O-O Nf6 7. c4 d6 8. Nc3 Be7 9. Be3 Nc6 10. Nxc6 bxc6 11. Rc1 e5 12. h3 Rb8 13. Qe2 Qb7 14. b3 O-O 15. f4 exf4 16. Rxf4 Nd7 17. Nd1 Ne5 18. Rf1 a5 19. Bd4 Be6 20. Ne3 Rfd8 21. Bc2 Bg5 22. Rcd1 a4 23. Nf5 Qc7 24. Bc3 axb3 25. axb3 Bxf5 26. Rxf5 Be7 27. Qf1 f6 28. Rf2 d5 29. exd5 Bc5 30. Bd4 cxd5 31. Bxc5 Qxc5 32. Rxd5 Rxd5 33. cxd5 Qxd5 34. Qd1 Qc5 35. Kf1 Qb5+ 36. Qe2 Qb6 37. Qe4 g6 38. Rd2 Kg7 39. Qd5 Rb7 40. Qd4 Qb5+ 41. Kf2 Qa5 42. Qd8 Qc5+ 43. Qd4 Qa3 44. Qd6 Qc1 45. Qd8 Nf7 46. Qd4 Re7 47. Bd1 Ne5 48. Qd8 Qc5+ 1/2-1/2

[Event "Albert Boxer op"]
[Site "Winnipeg CAN"]
[Date "2004.05.15"]
[Round "3"]
[White "Melamedoff, Gustavo"]
[Black "Zaczek, Jonathon"]
[Result "1-0"]
[WhiteElo "2083"]
[BlackElo "1924"]
[PlyCount "65"]
[GameId "2160767911145889"]
[EventDate "2004.05.14"]
[EventType "swiss"]
[EventRounds "5"]
[EventCountry "CAN"]
[SourceTitle "EXT 2006"]
[Source "ChessBase"]
[SourceDate "2005.11.24"]
[SourceVersion "1"]
[SourceVersionDate "2005.11.24"]
[SourceQuality "1"]

1. d4 Nf6 2. Bg5 g6 3. e3 Bg7 4. f4 O-O 5. Nf3 c5 6. c3 Ne4 7. Bd3 d5 8. Bh4 b6 9. O-O Bb7 10. Nbd2 f5 11. Qe2 Nc6 12. Ne5 Bf6 13. Bxe4 fxe4 14. Qg4 Nxe5 15. fxe5 Bxh4 16. Qxh4 Qd7 17. Rxf8+ Rxf8 18. Rf1 Rxf1+ 19. Nxf1 Ba6 20. Ng3 cxd4 21. cxd4 Kg7 22. b3 h6 23. h3 Bd3 24. Qf4 a5 25. h4 b5 26. h5 b4 27. hxg6 Qe6 28. Nf5+ Kxg6 29. Qxh6+ Kf7 30. Qh5+ Qg6 31. Qxg6+ Kxg6 32. Nxe7+ Kf7 33. Nc6 1-0

[Event "Albert Boxer op"]
[Site "Winnipeg CAN"]
[Date "2004.05.15"]
[Round "3"]
[White "Plocek, Jaroslav"]
[Black "Gibbons, Lorne"]
[Result "1-0"]
[WhiteElo "1567"]
[BlackElo "1342"]
[PlyCount "39"]
[GameId "2160767911145890"]
[EventDate "2004.05.14"]
[EventType "swiss"]
[EventRounds "5"]
[EventCountry "CAN"]

1. Nf3 Nf6 2. g3 g6 3. Bg2 Bg7 4. O-O O-O 5. Re1 d6 6. d4 Bf5 7. Bd2 Qd7 8. Qc1 c6 9. Bh6 Bh3 10. Bh1 Ng4 11. Bxg7 Kxg7 12. e4 e5 13. c3 f5 14. Ng5 f4 15. Nxh3 f3 16. Ng5 exd4 17. cxd4 d5 18. exd5 Nxh2 19. Kxh2 Qg4 20. Ne6+ 1-0

[Event "Albert Boxer op"]
[Site "Winnipeg CAN"]
[Date "2004.05.15"]
[Round "3"]
[White "Podmoroff, Yuri"]
[Black "Hogeveen Rutter, Alexander"]
[Result "0-1"]
[WhiteElo "1145"]
[BlackElo "1781"]
[PlyCount "47"]
[GameId "2160767911145891"]
[EventDate "2004.05.14"]
[EventType "swiss"]
[EventRounds "5"]
[EventCountry "CAN"]
[SourceTitle "EXT 2006"]
[Source "ChessBase"]
[SourceDate "2005.11.24"]
[SourceVersion "1"]
[SourceVersionDate "2005.11.24"]
[SourceQuality "1"]

1. e4 c5 2. Nf3 Nc6 3. Nc3 g6 4. d3 Bg7 5. Bd2 Nf6 6. g3 d6 7. Bg2 O-O 8. O-O Bd7 9. Qe2 Rb8 10. Bf4 b5 11. e5 Nh5 12. Bd2 Nxe5 13. Nxe5 Bxe5 14. Bf3 Ng7 15. Rfe1 Ne6 16. Be3 b4 17. Ne4 Bxb2 18. Ng5 Bg7 19. Nxe6 Bxe6 20. Rad1 Rb6 21. Rc1 Bxa2 22. c3 Be6 23. cxb4 Rxb4 24. Red1 0-1

[Event "Albert Boxer op"]
[Site "Winnipeg CAN"]
[Date "2004.05.15"]
[Round "3"]
[White "Proulx, Roy"]
[Black "Opinga, Ron"]
[Result "1-0"]
[WhiteElo "1669"]
[BlackElo "1498"]
[PlyCount "49"]
[GameId "2160767911145892"]
[EventDate "2004.05.14"]
[EventType "swiss"]
[EventRounds "5"]
[EventCountry "CAN"]
[SourceTitle "EXT 2006"]
[Source "ChessBase"]
[SourceDate "2005.11.24"]
[SourceVersion "1"]
[SourceVersionDate "2005.11.24"]
[SourceQuality "1"]

1. d4 Nf6 2. Bg5 e6 3. e3 d5 4. Bd3 Nbd7 5. Nf3 Be7 6. O-O c5 7. c3 h6 8. Bf4 b6 9. Nbd2 Bb7 10. Ne5 O-O 11. Bg3 Ne4 12. f4 Nxg3 13. hxg3 Nxe5 14. dxe5 d4 15. cxd4 cxd4 16. e4 Rc8 17. Qh5 Rc3 18. bxc3 dxc3 19. Qe2 Bc5+ 20. Kh1 cxd2 21. Qxd2 h5 22. Rad1 h4 23. f5 hxg3 24. f6 Re8 25. Qg5 1-0

[Event "Albert Boxer op"]
[Site "Winnipeg CAN"]
[Date "2004.05.15"]
[Round "3"]
[White "Silva, T Romero"]
[Black "Kaptsan, Aron"]
[Result "0-1"]
[WhiteElo "1661"]
[BlackElo "1948"]
[PlyCount "102"]
[GameId "2160767911145893"]
[EventDate "2004.05.14"]
[EventType "swiss"]
[EventRounds "5"]
[EventCountry "CAN"]
[SourceTitle "EXT 2006"]
[Source "ChessBase"]
[SourceDate "2005.11.24"]
[SourceVersion "1"]
[SourceVersionDate "2005.11.24"]
[SourceQuality "1"]

1. d4 Nf6 2. c4 g6 3. Nc3 Bg7 4. e4 d6 5. Bd3 O-O 6. Nge2 Nbd7 7. Bc2 c5 8. d5 Nb6 9. Bd3 a6 10. f4 Re8 11. a4 Nbd7 12. Ng3 b6 13. Ra3 Rb8 14. O-O e6 15. f5 Ne5 16. fxg6 hxg6 17. Bc2 exd5 18. cxd5 Nc4 19. Rb3 Ng4 20. Qf3 Nce5 21. Qe2 Qh4 22. Rf3 Qxh2+ 23. Kf1 Nxf3 24. Qxf3 Ne5 25. Qf4 Ng4 26. Qf3 Qh8 27. Ke1 Qh4 28. Nce2 Bd7 29. Ra3 b5 30. axb5 Bxb5 31. Kd1 Ne5 32. Qf2 Nc4 33. Rf3 Rb7 34. Rf4 Qe7 35. b3 Ne5 36. Nf5 gxf5 37. Rxf5 Bd3 38. Bg5 Ng4 39. Bxe7 Nxf2+ 40. Rxf2 Bxc2+ 41. Kxc2 Rexe7 42. Rf4 Kf8 43. Rg4 Rb4 44. Ng3 Reb7 45. Nf5 Be5 46. Rh4 Rxb3 47. Kd1 Rg3 48. Rh2 Ra3 49. g4 Rb1+ 50. Kc2 Rb2+ 51. Kc1 Ra1# 0-1